| 000 | 00938cam a22002895a 4500 | ||
|---|---|---|---|
| 008 | 100204s2011 at a frb 001 0 eng d | ||
| 020 | _a9780538466639 (pbk.) | ||
| 020 | _a0538466634 (pbk.) | ||
| 040 |
_aStDuBDS _beng _cStDuBDS _dUk _dEG-ScBUE |
||
| 042 | _aukblcatcopy | ||
| 082 | 0 | 4 |
_a302 _222 _bREE |
| 100 | 1 | _aReece, Barry L. | |
| 245 | 1 | 0 |
_aHuman relations / _cBarry L. Reece, Rhonda Brandt, Karen F. Howie. |
| 250 | _a11th ed. | ||
| 260 |
_aAustralia : _bSouth-Western Cengage Learning, _cc2011. |
||
| 300 |
_axxiv, 449 p. : _bill. ; _c26 cm. |
||
| 500 | _a"International edition"--cover. | ||
| 500 |
_aFormerly CIP. _5Uk |
||
| 504 | _aIncludes bibliographical references and index. | ||
| 650 | 7 |
_aInterpersonal relations _2BUEsh _9820 |
|
| 650 | 7 |
_aCommunication in organizations. _2BUEsh |
|
| 651 | _2BUEsh | ||
| 653 | _cFebruary2018 | ||
| 700 | 1 |
_aBrandt, Rhonda. _91463 |
|
| 700 | 1 | _aHowie, Karen F. | |
| 942 | _2ddc | ||
| 999 |
_c26099 _d26071 |
||